Holiday Quiz

Random Holiday or Carol Quiz
Score 0/242 Timer 07:00
0 Plays Today
% Correct
a
98.5%
a
98.5%
a
98.5%
a
98.5%
A
98.5%
a
98.5%
a
98.5%
a
98.5%
a
98.5%
you
97.8%
you
97.8%
you
97.8%
you
97.8%
you
97.8%
you
97.8%
Christmas
97.5%
Christmas
97.5%
Christmas
97.5%
Christmas
97.5%
I
97.4%
I
97.4%
I
97.4%
I
97.4%
Have
97.2%
Have
97.2%
have
97.2%
be
96.9%
be
96.9%
be
96.9%
be
96.9%
Oh
96.6%
O
96.6%
O
96.6%
O
96.6%
the
96.6%
the
96.6%
the
96.6%
the
96.6%
the
96.6%
the
96.5%
the
96.5%
the
96.5%
the
96.5%
the
96.5%
the
96.5%
the
96.5%
the
96.5%
the
96.5%
the
96.5%
the
96.5%
it
96.1%
it
96.1%
it
96%
to
95.9%
to
95.9%
to
95.9%
to
95.9%
to
95.9%
to
95.8%
of
95.7%
of
95.7%
of
95.7%
of
95.7%
of
95.6%
of
95.6%
of
95.6%
it's
95.4%
It's
95.4%
It's
95.4%
It's
95.3%
your
95.1%
little
95%
little
95%
little
95%
merry
94.9%
yourself
94.3%
ye
94.2%
ye
94.2%
ye
94.2%
like
93.9%
like
93.9%
% Correct
time
93.8%
time
93.8%
year
93.3%
year
93.3%
snow
92.8%
snow
92.8%
snow
92.8%
snow
92.8%
snow
92.8%
snow
92.8%
hear
92.2%
hear
92.2%
look
91.8%
Let
91.8%
look
91.8%
Let
91.8%
Let
91.8%
Let
91.8%
most
91.8%
wonderful
91.7%
lot
91.5%
beginning
91.3%
in
91%
in
91%
in
91%
in
91%
in
91%
sleigh
90.6%
sleigh
90.6%
Sleigh
90.6%
sleigh
90.6%
and
90.3%
And
90.3%
And
90.3%
and
90.3%
and
90.3%
and
90.3%
bells
89.7%
bells
89.7%
bells
89.7%
Come
89.4%
come
89.4%
come
89.4%
come
89.4%
Come
89.4%
is
88.9%
is
88.9%
is
88.9%
go
87.9%
go
87.8%
on
87.7%
on
87.7%
all
87.2%
Ring
85.9%
ring
85.9%
out
85.6%
jolly
84.9%
holly
84.6%
faithful
84.4%
do
83.9%
do
83.9%
weather
83.3%
weather
83.2%
winter
83.2%
wonderland
82.5%
Just
82.3%
Just
82.3%
white
82.2%
listen
82%
know
81.1%
know
81.1%
are
79.9%
no
79.8%
I'm
79.4%
glisten
79.2%
walking
79.1%
dreaming
78.8%
so
78.7%
outside
77.7%
listening
77.4%
Ev'rywhere
77.1%
% Correct
sight
76.1%
sight
76.1%
frightful
75.9%
what
75.8%
what
75.8%
best
75.5%
delightful
75.2%
but
74.5%
but
74.5%
glistening
74.4%
glistening
74.4%
with
74.1%
With
74.1%
Joyful
74.1%
used
74.1%
ones
73.2%
ride
72.6%
fire
72.5%
triumphant
71.9%
beautiful
69.7%
those
69.4%
heart
69.3%
tonight
69.3%
Bethlehem
69.3%
happy
68.7%
place
67.7%
we're
66.9%
for
65.9%
cheer
65.7%
cheer
65.6%
see
64.9%
see
64.9%
see
64.9%
see
64.9%
will
64.7%
together
63.7%
Where
62.8%
troubles
62.6%
Take
62.1%
Him
62.1%
King
61.9%
lane
61.8%
children
61.4%
now
61.3%
light
61%
since
61%
lovely
60.8%
From
60.5%
if
57.5%
Angels
57.3%
we've
56.4%
our
55.9%
Born
54.9%
don't
54.5%
treetops
53.8%
good
53.2%
too
53%
behold
52.9%
ting
52.2%
there'll
51.1%
Said
49.6%
cup
49%
jingle-ing
47.9%
lamb
45.5%
lamb
45.5%
tingle-ing
43.8%
jingle
43.4%
night
41.7%
five
38.1%
ten
37.4%
wind
36.6%
again
34.9%
once
34.6%
telling
33.8%
everyone
33.6%
sky
32.9%
belling
31.5%
up
30.3%
Way
30.3%
kids
30.1%
Remove Ads.
Support Sporcle.
Get the best of Sporcle when you Go Orange. This ad-free experience offers more features, more stats, and more fun while also helping to support Sporcle. Thank you for becoming a member.

You're not logged in!

Compare scores with friends on all Sporcle quizzes.
OR
Log In

Show Comments

Extras

Top Quizzes Today


Score Distribution

Your Account Isn't Verified!

In order to create a playlist on Sporcle, you need to verify the email address you used during registration. Go to your Sporcle Settings to finish the process.

Report this User

Report this user for behavior that violates our Community Guidelines.

Details: